[Event "Varennes op"]
[Site "Varennes CAN"]
[Date "2018.10.06"]
[Round "2.8"]
[White "Diaz Hernandez, Heriberto"]
[Black "Bernatchez, Dan"]
[Result "1-0"]
[WhiteElo "2353"]
[BlackElo "1974"]
[PlyCount "71"]
[EventDate "2018.10.05"]
[EventType "swiss"]
[EventRounds "5"]
[EventCountry "CAN"]

1. e4 c5 2. Nf3 Nc6 3. d4 cxd4 4. Nxd4 Nf6 5. Nc3 e5 6. Ndb5 d6 7. Bg5 a6 8.
Na3 b5 9. Nd5 Be7 10. Bxf6 Bxf6 11. c4 b4 12. Nc2 a5 13. g3 Rb8 14. b3 Bg5 15.
Bg2 Ne7 16. h4 Bh6 17. O-O Be6 18. Nce3 Bxe3 19. Nxe3 Nc6 20. Qd3 O-O 21. Rfd1
Nd4 22. Nc2 Nxc2 23. Qxc2 Qe7 24. Kh2 Rb6 25. Bh3 Bxh3 26. Kxh3 Qe6+ 27. Kg2 a4
28. Rd5 g6 29. Ra5 axb3 30. axb3 f5 31. Ra8 Rbb8 32. Rxb8 Rxb8 33. Ra6 f4 34.
Qd3 Rd8 35. Qd5 Qxd5 36. exd5 1-0

[Event "Varennes op"]
[Site "Varennes CAN"]
[Date "2018.10.06"]
[Round "2.10"]
[White "Lopez Linares, Lizandro"]
[Black "Yu, Zong Yang"]
[Result "1/2-1/2"]
[WhiteElo "2224"]
[BlackElo "2466"]
[PlyCount "110"]
[EventDate "2018.10.05"]
[EventType "swiss"]
[EventRounds "5"]
[EventCountry "CAN"]

1. d4 Nf6 2. Nf3 g6 3. c4 Bg7 4. Nc3 O-O 5. g3 d6 6. Bg2 Nbd7 7. O-O e5 8. e3
exd4 9. Nxd4 c6 10. b3 Qe7 11. Ba3 Nc5 12. Qc2 Re8 13. h3 Bd7 14. Rad1 Nfe4 15.
Nxe4 Nxe4 16. Kh2 Nc5 17. Rd2 Rad8 18. e4 h5 19. h4 Nxe4 20. Re1 f5 21. Bxe4
fxe4 22. Nf3 Bf5 23. Ng5 Qe5 24. Qd1 Qa5 25. Bxd6 Bc3 26. b4 Qb6 27. Re3 Bxd2
28. Qxd2 Rd7 29. c5 Qb5 30. Kg2 Qc4 31. Qb2 Qd5 32. Qf6 a6 33. a4 Rf7 34. Qc3
Bg4 35. Bf4 Bf5 36. Nxf7 Qxf7 37. Qd4 Qd5 38. Qb2 Kh7 39. Bd6 Qe6 40. b5 axb5
41. axb5 cxb5 42. Qxb5 Qf7 43. Qb6 Kg8 44. Qb2 Bg4 45. Kh2 Bd7 46. Bf4 Bc6 47.
Qd4 Kh7 48. Re2 Qg7 49. Be3 Qxd4 50. Bxd4 Ra8 51. Rd2 Kg8 52. g4 Kf7 53. Kg3
hxg4 54. Kxg4 Ra3 55. Be3 Rd3 1/2-1/2

[Event "Varennes op"]
[Site "Varennes CAN"]
[Date "2018.10.06"]
[Round "2.11"]
[White "Luksza, Arkadiusz"]
[Black "Nicula, Marius"]
[Result "1/2-1/2"]
[WhiteElo "2174"]
[BlackElo "2209"]
[PlyCount "133"]
[EventDate "2018.10.05"]
[EventType "swiss"]
[EventRounds "5"]
[EventCountry "CAN"]

1. d4 g6 2. e4 Bg7 3. Nf3 d6 4. Be2 Nf6 5. Nc3 O-O 6. O-O c6 7. h3 Qc7 8. Be3
Nbd7 9. Qd2 b5 10. a3 Bb7 11. Bh6 a5 12. Bxg7 Kxg7 13. b4 Rfe8 14. Qf4 e5 15.
dxe5 dxe5 16. Qe3 axb4 17. axb4 Rxa1 18. Rxa1 Ra8 19. Rxa8 Bxa8 20. Qc1 Qd6 21.
Qb2 Bb7 22. Bd3 Ne8 23. Nd1 Nc7 24. Ne3 Na6 25. Ng4 Qxb4 26. Qa1 f6 27. Nfxe5
Nxe5 28. Nxe5 fxe5 29. Qxe5+ Kf7 30. Qh8 Qf8 31. Qxh7+ Qg7 32. Qh4 Nc5 33. Be2
Qa1+ 34. Bf1 Ne6 35. Qg3 b4 36. Qd3 Qd4 37. Qf3+ Kg7 38. Qg4 Kf7 39. Qf3+ Ke7
40. Qg4 g5 41. Qf5 c5 42. e5 Qf4 43. Qh7+ Qf7 44. Qd3 Nd4 45. c3 bxc3 46. Qxc3
Qd5 47. Qg3 Ne6 48. Kh2 Qd4 49. Kg1 Bd5 50. Be2 c4 51. Qa3+ Qc5 52. Qc3 Nf4 53.
Bf1 Bxg2 54. Qg3 Qxe5 55. Qa3+ Qd6 56. Qa7+ Qd7 57. Qc5+ Ke6 58. Qe3+ Kf5 59.
Bxg2 Nxg2 60. Qc5+ Kf6 61. Kxg2 Qd3 62. Qc6+ Kf5 63. Qc5+ Kg6 64. Qc6+ Kg7 65.
Qc7+ Kf6 66. Qc6+ Kg7 67. Qc7+ 1/2-1/2

[Event "Varennes op"]
[Site "Varennes CAN"]
[Date "2018.10.06"]
[Round "2.12"]
[White "Huang, Qiuyu"]
[Black "Forget, Luc"]
[Result "1/2-1/2"]
[WhiteElo "2267"]
[BlackElo "1979"]
[PlyCount "78"]
[EventDate "2018.10.05"]
[EventType "swiss"]
[EventRounds "5"]
[EventCountry "CAN"]

1. e4 c6 2. d4 d5 3. exd5 cxd5 4. Bd3 Nc6 5. c3 Nf6 6. Bf4 e6 7. Nf3 Bd6 8.
Bxd6 Qxd6 9. O-O O-O 10. Re1 Rb8 11. Ne5 b5 12. Nd2 b4 13. Qf3 bxc3 14. bxc3
Bd7 15. Qh3 Rfc8 16. g4 g6 17. Re3 Qf8 18. Ndf3 Be8 19. Nxc6 Bxc6 20. g5 Nd7
21. Qg4 Bb5 22. h4 Bxd3 23. Rxd3 Rb2 24. h5 Rc2 25. hxg6 hxg6 26. Kg2 R8xc3 27.
Rdd1 Ra3 28. Rd2 Rxd2 29. Nxd2 Qb4 30. Nb3 Qc3 31. Rc1 Qd3 32. Rc8+ Kg7 33. Rc7
Nf8 34. Qh4 Qe4+ 35. Qxe4 dxe4 36. Nc5 Rxa2 37. Nxe4 Ra4 38. Nf6 Rxd4 39. Rxa7
Rd1 1/2-1/2

[Event "Varennes op"]
[Site "Varennes CAN"]
[Date "2018.10.07"]
[Round "2.14"]
[White "Soudre, Nicolas"]
[Black "Leon Valdes, Jony Wilson"]
[Result "0-1"]
[WhiteElo "2249"]
[BlackElo "2304"]
[PlyCount "132"]
[EventDate "2018.10.05"]
[EventType "swiss"]
[EventRounds "5"]
[EventCountry "CAN"]

1. e4 e6 2. d4 d5 3. Nc3 Nf6 4. e5 Nfd7 5. f4 c5 6. Nf3 Nc6 7. Be3 cxd4 8. Nxd4
Bc5 9. Qd2 O-O 10. O-O-O a6 11. Qf2 Qe7 12. Bd3 Nxd4 13. Bxd4 b5 14. Ne2 b4 15.
Rhe1 a5 16. f5 exf5 17. Nf4 Bxd4 18. Qxd4 Nc5 19. Nxd5 Qg5+ 20. Kb1 Ne6 21. Qf2
f4 22. h4 Qg4 23. Bf5 Qg3 24. Qxg3 fxg3 25. Re3 Bb7 26. Rxg3 Bxd5 27. Rxd5 Nf4
28. Rd2 Rad8 29. Bd3 Rfe8 30. Re3 Rd5 31. Kc1 Rdxe5 32. Rxe5 Rxe5 33. Be4 g5
34. Bf3 gxh4 35. Rd1 Kg7 36. Rd4 Rf5 37. Kd2 Ng6 38. Ke3 Rc5 39. Kd2 Kf6 40. c3
bxc3+ 41. bxc3 Kg5 42. Rg4+ Kf5 43. Rd4 Nf4 44. Rd7 Ke6 45. Rd4 Ng6 46. Re4+
Re5 47. Rd4 f5 48. Rd8 Rc5 49. Ra8 Kf6 50. Kd3 Nf4+ 51. Kd4 Ne6+ 52. Kd3 Kg5
53. Re8 Re5 54. Rh8 h6 55. Ba8 Re1 56. Rg8+ Kf6 57. Rb8 Nf4+ 58. Kd4 Re2 59.
Rf8+ Kg6 60. Rg8+ Kf7 61. Rh8 Kg7 62. Rb8 Nxg2 63. Rb5 Kf6 64. Rxa5 h3 65. Rb5
Rxa2 66. Rb8 h2 0-1

[Event "Varennes op"]
[Site "Varennes CAN"]
[Date "2018.10.06"]
[Round "2.17"]
[White "Libersan, Thierry"]
[Black "Tremblay, Rejean"]
[Result "0-1"]
[WhiteElo "2111"]
[BlackElo "2220"]
[PlyCount "92"]
[EventDate "2018.10.05"]
[EventType "swiss"]
[EventRounds "5"]
[EventCountry "CAN"]

1. d4 Nf6 2. Bf4 g6 3. Nc3 Bg7 4. e4 d6 5. Qd2 O-O 6. O-O-O c6 7. Bh6 b5 8. f3
Nbd7 9. h4 Qa5 10. Kb1 b4 11. Nce2 c5 12. Bxg7 Kxg7 13. Nc1 Qb6 14. h5 cxd4 15.
hxg6 fxg6 16. Qh6+ Kf7 17. Nh3 Ke8 18. Ng5 Ne5 19. Nxh7 Nxh7 20. Qxh7 Be6 21.
Qh6 Bf7 22. Qd2 Nc6 23. f4 Rd8 24. g4 e5 25. f5 Ne7 26. f6 Nc6 27. g5 Kd7 28.
Rh7 Kc8 29. Bd3 Kb8 30. Rdh1 Rc8 31. Rg7 Nd8 32. Rhh7 Rc7 33. Rh6 Ne6 34. Rgh7
Nf4 35. Ne2 Nxd3 36. Qxd3 Rfc8 37. Nc1 Qb7 38. Nb3 Rxc2 39. Qxc2 Rxc2 40. Kxc2
Qxe4+ 41. Kd1 Qf3+ 42. Ke1 Qe3+ 43. Kd1 Qg1+ 44. Kc2 e4 45. Rh2 d3+ 46. Kd2
Qxg5+ 0-1

[Event "Varennes op"]
[Site "Varennes CAN"]
[Date "2018.10.06"]
[Round "2.18"]
[White "Dukic, Zachary"]
[Black "Qiao, Cindy"]
[Result "1-0"]
[WhiteElo "2302"]
[BlackElo "1784"]
[PlyCount "67"]
[EventDate "2018.10.05"]
[EventType "swiss"]
[EventRounds "5"]
[EventCountry "CAN"]

1. e4 c5 2. Nf3 d6 3. d4 cxd4 4. Nxd4 Nf6 5. Nc3 g6 6. Be3 Bg7 7. f3 Nc6 8. Qd2
O-O 9. Bc4 Bd7 10. O-O-O Rb8 11. Bb3 Na5 12. h4 b5 13. Kb1 Nc4 14. Bxc4 bxc4
15. g4 h5 16. Ka1 Qb6 17. Rb1 Qa6 18. gxh5 Nxh5 19. Nde2 Rfc8 20. Nd5 Kf8 21.
Bh6 e6 22. Bxg7+ Kxg7 23. Qc3+ e5 24. f4 Ba4 25. fxe5 Rb3 26. cxb3 cxb3 27. Qd4
Bb5 28. exd6+ Kh7 29. Nec3 Nf4 30. a3 Nxd5 31. exd5 Bd3 32. Rbd1 Bc2 33. h5 g5
34. h6 1-0

[Event "Varennes op"]
[Site "Varennes CAN"]
[Date "2018.10.06"]
[Round "2.19"]
[White "Poulin, Maurice"]
[Black "Chabot, Roland"]
[Result "1/2-1/2"]
[WhiteElo "2040"]
[BlackElo "2153"]
[PlyCount "72"]
[EventDate "2018.10.05"]
[EventType "swiss"]
[EventRounds "5"]
[EventCountry "CAN"]

1. e4 c5 2. Nf3 e6 3. Nc3 Nc6 4. Bb5 Nd4 5. Nxd4 cxd4 6. Ne2 Qg5 7. Bd3 Qxg2 8.
Rf1 Nf6 9. Nxd4 Bc5 10. Nf3 Ng4 11. Qe2 Nxh2 12. Nxh2 Qxh2 13. c3 O-O 14. Bc2
d5 15. d4 Be7 16. Qf3 dxe4 17. Bxe4 f5 18. Rh1 fxe4 19. Qxf8+ Bxf8 20. Rxh2 Bd7
21. Bf4 b5 22. a3 Be8 23. Kd2 Rc8 24. Rg2 a5 25. Rgg1 a4 26. Ke3 Bc6 27. Rg3
Ra8 28. Rh1 Ra7 29. Rgh3 h6 30. Rg1 g5 31. Be5 Rd7 32. Rg4 Kf7 33. Rg1 Kg6 34.
Rgh1 Rh7 35. Rh5 Kf5 36. R1h4 Kg6 1/2-1/2

[Event "Varennes op"]
[Site "Varennes CAN"]
[Date "2018.10.06"]
[Round "3.1"]
[White "Gomez Garrido, Camilo Ernesto"]
[Black "Ruiz Sanchez, Orlen"]
[Result "1-0"]
[WhiteElo "2492"]
[BlackElo "2391"]
[PlyCount "71"]
[EventDate "2018.10.05"]
[EventType "swiss"]
[EventRounds "5"]
[EventCountry "CAN"]

1. e4 c5 2. Nf3 e6 3. d4 cxd4 4. Nxd4 a6 5. Nd2 d6 6. Bd3 Nf6 7. O-O g6 8. a4
Bg7 9. c3 O-O 10. Re1 Re8 11. N4f3 Nc6 12. Nc4 d5 13. exd5 exd5 14. Rxe8+ Nxe8
15. Ne3 Nc7 16. Nc2 Ne6 17. Be3 Qd6 18. Bc4 Nc7 19. Be2 Bg4 20. h3 Bxf3 21.
Bxf3 Rd8 22. Qd2 d4 23. cxd4 Nxd4 24. Nxd4 Bxd4 25. Bxd4 Qxd4 26. Qc2 Ne6 27.
Rd1 Qf6 28. Bxb7 Rxd1+ 29. Qxd1 h5 30. Bxa6 Qxb2 31. Bf1 Kg7 32. a5 Qa3 33. a6
Qa5 34. Qd7 Qa1 35. a7 Nd4 36. Qxd4+ 1-0

[Event "Varennes op"]
[Site "Varennes CAN"]
[Date "2018.10.06"]
[Round "3.2"]
[White "Sambuev, Bator"]
[Black "Diaz Hernandez, Heriberto"]
[Result "1/2-1/2"]
[WhiteElo "2497"]
[BlackElo "2353"]
[PlyCount "88"]
[EventDate "2018.10.05"]
[EventType "swiss"]
[EventRounds "5"]
[EventCountry "CAN"]

1. e4 e5 2. Nf3 Nc6 3. Bb5 a6 4. Bxc6 dxc6 5. Nc3 f6 6. d4 exd4 7. Nxd4 c5 8.
Nde2 Qxd1+ 9. Nxd1 Be6 10. Bf4 O-O-O 11. Ne3 c4 12. Rd1 Rxd1+ 13. Nxd1 Bc5 14.
Be3 Bd6 15. Nd4 Bd7 16. Bd2 Ne7 17. Ne3 b5 18. c3 Re8 19. Kd1 c5 20. Ndf5 Nxf5
21. Nxf5 Bxf5 22. exf5 Kd7 23. g4 Kc6 24. h3 b4 25. Rg1 a5 26. h4 Re7 27. Be3
Be5 28. Kc2 a4 29. a3 bxc3 30. bxc3 Rb7 31. f4 Bd6 32. g5 Be7 33. h5 Rd7 34.
Bd2 Bf8 35. gxf6 gxf6 36. Rg8 Rf7 37. Rg1 Rg7 38. Re1 Re7 39. Be3 Bh6 40. Kd2
Rb7 41. Kc2 Re7 42. Kd2 Rb7 43. Kc2 Re7 44. Kd2 Rb7 1/2-1/2

[Event "Varennes op"]
[Site "Varennes CAN"]
[Date "2018.10.06"]
[Round "3.4"]
[White "Vera, Reynaldo"]
[Black "Langlois-Remillard, Alexis"]
[Result "1/2-1/2"]
[WhiteElo "2434"]
[BlackElo "1923"]
[PlyCount "47"]
[EventDate "2018.10.05"]
[EventType "swiss"]
[EventRounds "5"]
[EventCountry "CAN"]

1. d4 d5 2. c4 Nc6 3. Nc3 dxc4 4. d5 Ne5 5. f4 Ng6 6. e4 e6 7. dxe6 Qxd1+ 8.
Kxd1 fxe6 9. Bxc4 Bd7 10. Nf3 O-O-O 11. Kc2 h6 12. Rd1 Bc5 13. Rb1 Nf6 14. b4
Bb6 15. h3 Rhf8 16. g4 Ne8 17. f5 Nd6 18. Bd3 exf5 19. gxf5 Rde8 20. Rf1 Ne7
21. Bf4 Nf7 22. Kd2 g6 23. a4 a5 24. f6 1/2-1/2

[Event "Varennes op"]
[Site "Varennes CAN"]
[Date "2018.10.06"]
[Round "3.8"]
[White "Leon Valdes, Jony Wilson"]
[Black "Dukic, Zachary"]
[Result "1-0"]
[WhiteElo "2304"]
[BlackElo "2302"]
[PlyCount "105"]
[EventDate "2018.10.05"]
[EventType "swiss"]
[EventRounds "5"]
[EventCountry "CAN"]

1. d4 Nf6 2. c4 g6 3. f3 Bg7 4. e4 d6 5. Nc3 O-O 6. Be3 c5 7. d5 e6 8. Nge2
exd5 9. cxd5 a6 10. a4 Nbd7 11. Ng3 h5 12. Be2 h4 13. Nf1 Nh7 14. Nd2 f5 15.
O-O f4 16. Bf2 Ne5 17. Kh1 g5 18. a5 Nf6 19. b4 cxb4 20. Na4 Nh5 21. Nb6 Rb8
22. Re1 Ng3+ 23. Kg1 Qf6 24. Rc1 g4 25. Rc7 Qg6 26. Bd4 Nxe2+ 27. Rxe2 gxf3 28.
Rf2 Bh3 29. Bxe5 Bxe5 30. Nxf3 Bf6 31. Rc4 Bg4 32. Kh1 Rbe8 33. h3 Bh5 34. Qd3
Rf7 35. Re2 Qg3 36. Rxb4 Rg7 37. Rc4 Bg6 38. Qa3 Be7 39. Rc3 Bh5 40. Rc7 Bf8
41. Rc4 Ree7 42. Qc3 Rg6 43. Rc8 Rf7 44. Nc4 Bxf3 45. Qxf3 Qxf3 46. gxf3 Rg3
47. Nxd6 Rd7 48. e5 Rxf3 49. Rg2+ Rg3 50. Ne4 Kg7 51. d6 Kf7 52. Rxg3 hxg3 53.
Rc7 1-0

[Event "Varennes op"]
[Site "Varennes CAN"]
[Date "2018.10.06"]
[Round "3.9"]
[White "Hirschberg, Valerian"]
[Black "Lopez Linares, Lizandro"]
[Result "0-1"]
[WhiteElo "2278"]
[BlackElo "2224"]
[PlyCount "110"]
[EventDate "2018.10.05"]
[EventType "swiss"]
[EventRounds "5"]
[EventCountry "CAN"]

1. Nf3 Nf6 2. c4 c5 3. g3 b6 4. Bg2 Bb7 5. Nc3 e6 6. O-O d6 7. d4 cxd4 8. Qxd4
a6 9. Rd1 Nbd7 10. Bg5 Qc7 11. Rac1 Rd8 12. Bxf6 Nxf6 13. Na4 Rb8 14. b4 Be7
15. c5 bxc5 16. bxc5 d5 17. Ne5 O-O 18. c6 Bc8 19. Nc5 Bd6 20. Ncd3 a5 21. e4
Rb4 22. Nxb4 Bxe5 23. Qc5 Bd6 24. Nxd5 exd5 25. Qd4 Be5 26. Qd3 dxe4 27. Bxe4
Re8 28. Bg2 g5 29. Rc5 h6 30. Qd2 a4 31. Qa5 Qxa5 32. Rxa5 Kg7 33. Rxa4 Bc7 34.
h3 Re2 35. Bf3 Rc2 36. g4 Bb6 37. Rf1 Be6 38. Ra6 Bc7 39. Bd1 Rc5 40. Bb3 Nd5
41. Rd1 Nf4 42. Ra4 Be5 43. Ra7 Bxb3 44. axb3 Rxc6 45. b4 Bd4 46. Rd7 Be5 47.
Rb7 Nxh3+ 48. Kg2 Rc2 49. Rf1 Rc3 50. Re1 Nf4+ 51. Kf1 Bf6 52. b5 Rb3 53. Rd1
Rb2 54. Re1 Bd4 55. Rd7 Rxf2+ 0-1

[Event "Varennes op"]
[Site "Varennes CAN"]
[Date "2018.10.06"]
[Round "3.11"]
[White "Morella Cabrera, Julio Antonio"]
[Black "Tanaka, Tyler"]
[Result "1-0"]
[WhiteElo "2247"]
[BlackElo "2161"]
[PlyCount "61"]
[EventDate "2018.10.05"]
[EventType "swiss"]
[EventRounds "5"]
[EventCountry "CAN"]

1. e4 c5 2. Nc3 Nc6 3. g3 g6 4. Bg2 Bg7 5. d3 d6 6. Bg5 Rb8 7. Nge2 b5 8. Qd2
h6 9. Be3 b4 10. Nd1 Nf6 11. h3 h5 12. f4 Nd7 13. O-O Nd4 14. f5 O-O 15. Nxd4
cxd4 16. Bh6 Ne5 17. Bxg7 Kxg7 18. b3 Ba6 19. a3 bxa3 20. Rxa3 Qb6 21. Nb2 Rfc8
22. Rfa1 Bb5 23. Rxa7 Qc5 24. Nc4 Bxc4 25. bxc4 Rc7 26. R7a5 Qc6 27. Qf2 Rb2
28. fxg6 fxg6 29. Rf1 e6 30. Qf8+ Kh7 31. Ra8 1-0

[Event "Varennes op"]
[Site "Varennes CAN"]
[Date "2018.10.06"]
[Round "3.12"]
[White "Robichaud, Louis"]
[Black "Huang, Qiuyu"]
[Result "1/2-1/2"]
[WhiteElo "2119"]
[BlackElo "2267"]
[PlyCount "126"]
[EventDate "2018.10.05"]
[EventType "swiss"]
[EventRounds "5"]
[EventCountry "CAN"]

1. e4 c5 2. d3 Nc6 3. g3 g6 4. Bg2 Bg7 5. f4 d6 6. Nf3 e5 7. O-O Nge7 8. Nc3
O-O 9. Rb1 Rb8 10. Be3 Nd4 11. fxe5 dxe5 12. Qd2 b5 13. Rf2 f6 14. Nd5 Nxd5 15.
exd5 b4 16. Rbf1 Qa5 17. a3 Nf5 18. axb4 cxb4 19. Qe1 Nxe3 20. Qxe3 Qxd5 21.
Qxa7 Qd6 22. Nd2 Qb6 23. Qxb6 Rxb6 24. Bd5+ Be6 25. Bxe6+ Rxe6 26. g4 Rc6 27.
Ne4 f5 28. gxf5 gxf5 29. Ng3 f4 30. Ne4 Rfc8 31. c3 Rd8 32. Rd1 bxc3 33. bxc3
h6 34. Kf1 Rb6 35. Ke2 Rb2+ 36. Kf3 Rxf2+ 37. Nxf2 Kf7 38. Ke4 Rc8 39. c4 Ke6
40. Rg1 Bf6 41. Ra1 Rg8 42. Ra6+ Kf7 43. Ra7+ Ke6 44. Ra6+ Kf7 45. Kf3 Rd8 46.
Ng4 Bg7 47. Nf2 Bf6 48. Ke4 Rg8 49. c5 Rg2 50. Kf3 Rg1 51. c6 Rc1 52. Ke4 h5
53. Kf5 Be7 54. Kxe5 Rc2 55. Ne4 f3 56. Nd6+ Bxd6+ 57. Kxd6 f2 58. Ra1 Rd2 59.
Rc1 Rxd3+ 60. Kc5 Rc3+ 61. Rxc3 f1=Q 62. c7 Qf5+ 63. Kb6 Qb1+ 1/2-1/2

[Event "Varennes op"]
[Site "Varennes CAN"]
[Date "2018.10.06"]
[Round "3.13"]
[White "Forget, Luc"]
[Black "Masse, Hugues"]
[Result "0-1"]
[WhiteElo "1979"]
[BlackElo "2288"]
[PlyCount "66"]
[EventDate "2018.10.05"]
[EventType "swiss"]
[EventRounds "5"]
[EventCountry "CAN"]

1. d4 Nf6 2. c4 e6 3. Nc3 Bb4 4. e3 O-O 5. Nge2 d5 6. a3 Bd6 7. c5 Be7 8. Nf4
b6 9. b4 a5 10. Bb2 c6 11. Nd3 Ba6 12. Ne5 Bxf1 13. Kxf1 Nfd7 14. Nxd7 Nxd7 15.
g3 Qc7 16. Kg2 axb4 17. axb4 bxc5 18. bxc5 e5 19. Qd2 Bf6 20. Ne2 exd4 21. exd4
Rfe8 22. Rxa8 Rxa8 23. Ra1 Rb8 24. Bc3 Nf8 25. Ra6 Ne6 26. Qa2 Ng5 27. Qa4 Qc8
28. Nf4 Qe8 29. Qc2 Ne4 30. f3 Nxc3 31. Qxc3 g5 32. Nxd5 Qe2+ 33. Kh3 Qe6+ 0-1

[Event "Varennes op"]
[Site "Varennes CAN"]
[Date "2018.10.06"]
[Round "3.14"]
[White "Xu, Daniel"]
[Black "Cazelais, Marc"]
[Result "1/2-1/2"]
[WhiteElo "2108"]
[BlackElo "2082"]
[PlyCount "49"]
[EventDate "2018.10.05"]
[EventType "swiss"]
[EventRounds "5"]
[EventCountry "CAN"]

1. d4 g6 2. c4 Bg7 3. Nc3 d6 4. e4 Nc6 5. Be3 e5 6. d5 Nce7 7. Bd3 f5 8. f3 Nf6
9. Nge2 O-O 10. b4 fxe4 11. Nxe4 Nf5 12. Bf2 Bh6 13. O-O Ne3 14. Qc1 Neg4 15.
Qc2 Nxe4 16. Bxe4 Nxf2 17. Kxf2 Bf5 18. Kg1 Qh4 19. Qd3 Rf7 20. g3 Qg5 21. f4
Bxe4 22. Qxe4 Qg4 23. h3 Qf5 24. Qxf5 gxf5 25. Rae1 1/2-1/2

[Event "Varennes op"]
[Site "Varennes CAN"]
[Date "2018.10.06"]
[Round "3.15"]
[White "Tremblay, Rejean"]
[Black "Zhong, Kevin"]
[Result "1/2-1/2"]
[WhiteElo "2220"]
[BlackElo "2156"]
[PlyCount "41"]
[EventDate "2018.10.05"]
[EventType "swiss"]
[EventRounds "5"]
[EventCountry "CAN"]

1. d4 d5 2. c4 e6 3. Nc3 Nf6 4. Bg5 Be7 5. Rc1 Ne4 6. Bxe7 Qxe7 7. cxd5 Nxc3 8.
Rxc3 exd5 9. e3 c6 10. Bd3 Nd7 11. Ne2 Nf6 12. Nf4 Ne4 13. Bxe4 dxe4 14. Rc5
O-O 15. Re5 Qb4+ 16. Qd2 Qxd2+ 17. Kxd2 f5 18. Re7 Rf7 19. Re8+ Rf8 20. Re7 Rf7
21. Re8+ 1/2-1/2

[Event "Varennes op"]
[Site "Varennes CAN"]
[Date "2018.10.06"]
[Round "3.16"]
[White "Chabot, Roland"]
[Black "Soudre, Nicolas"]
[Result "1-0"]
[WhiteElo "2153"]
[BlackElo "2249"]
[PlyCount "71"]
[EventDate "2018.10.05"]
[EventType "swiss"]
[EventRounds "5"]
[EventCountry "CAN"]

1. d4 e6 2. c4 Nf6 3. Nc3 Bb4 4. a3 Bxc3+ 5. bxc3 b6 6. f3 d5 7. cxd5 exd5 8.
e3 O-O 9. Bd3 Ba6 10. Ne2 Bxd3 11. Qxd3 Re8 12. O-O Nc6 13. Ng3 Qe7 14. Ra2 Na5
15. Re2 Nb3 16. Bb2 Rad8 17. Qd1 Na5 18. Bc1 c5 19. e4 h6 20. e5 Nh7 21. f4 Nc4
22. f5 f6 23. e6 cxd4 24. cxd4 Nxa3 25. Rf3 Nc4 26. Nh5 Kh8 27. Rg3 Ng5 28. h4
Ne4 29. Rxg7 Nc3 30. Qe1 Nxe2+ 31. Qxe2 Qb4 32. Qg4 Qe1+ 33. Kh2 Rg8 34. Bxh6
Ne3 35. Rxg8+ Rxg8 36. Bg7+ 1-0

[Event "Varennes op"]
[Site "Varennes CAN"]
[Date "2018.10.06"]
[Round "3.17"]
[White "Durette, Francis"]
[Black "Poulin, Maurice"]
[Result "1/2-1/2"]
[WhiteElo "2076"]
[BlackElo "2040"]
[PlyCount "138"]
[EventDate "2018.10.05"]
[EventType "swiss"]
[EventRounds "5"]
[EventCountry "CAN"]

1. Nf3 g6 2. c4 c5 3. g3 Bg7 4. Bg2 Nc6 5. Nc3 e6 6. e3 Nge7 7. b3 O-O 8. Bb2
d5 9. O-O d4 10. Na4 Qd6 11. exd4 Nxd4 12. Nxd4 Bxd4 13. Bxd4 Qxd4 14. Qe2 Rd8
15. Nc3 Nf5 16. Ne4 h5 17. Rfd1 Rb8 18. Ng5 b6 19. Nf3 Qd6 20. d3 Bb7 21. Rd2
Nd4 22. Nxd4 Qxd4 23. Rad1 Bxg2 24. Kxg2 Rb7 25. Qe4 Rbd7 26. Qxd4 Rxd4 27. Kf3
Kf8 28. Ke3 Ke7 29. a3 e5 30. b4 R8d7 31. bxc5 bxc5 32. Rb1 e4 33. Rbd1 Rxd3+
34. Rxd3 exd3 35. Rxd3 Rb7 36. Ke4 Ke6 37. Rd5 Rb3 38. Rxc5 Rxa3 39. Rc6+ Kd7
40. Kd5 Rd3+ 41. Kc5 Ra3 42. Rf6 Ke7 43. Rf4 Ra6 44. Rd4 Ke6 45. Rd2 Ke7 46.
Kb5 Rb6+ 47. Kc5 Ra6 48. Rb2 Kd8 49. Rb7 Rf6 50. f4 h4 51. Rxa7 hxg3 52. hxg3
Rf5+ 53. Kb6 Rf6+ 54. Kb5 g5 55. fxg5 Rf5+ 56. c5 Rxg5 57. Rxf7 Rxg3 58. Kb6
Rb3+ 59. Kc6 Rc3 60. Rf8+ Ke7 61. Rh8 Rc1 62. Kb6 Kd7 63. Rh7+ Kc8 64. Kc6 Kd8
65. Ra7 Rc2 66. Ra5 Rc1 67. Rb5 Kc8 68. Kb6 Kd7 69. Kb7 Rc2 1/2-1/2

[Event "Varennes op"]
[Site "Varennes CAN"]
[Date "2018.10.07"]
[Round "4.1"]
[White "Miranda Mesa, Elier"]
[Black "Gomez Garrido, Camilo Ernesto"]
[Result "1-0"]
[WhiteElo "2469"]
[BlackElo "2492"]
[PlyCount "57"]
[EventDate "2018.10.05"]
[EventType "swiss"]
[EventRounds "5"]
[EventCountry "CAN"]

1. e4 c5 2. Nf3 d6 3. Bc4 Nf6 4. e5 dxe5 5. Nxe5 e6 6. Qe2 Be7 7. b3 O-O 8. Bb2
Nbd7 9. f4 Qc7 10. O-O a6 11. a4 b6 12. Nxf7 Kxf7 13. Bxe6+ Ke8 14. Re1 Kd8 15.
Na3 Ra7 16. Nc4 Qxf4 17. Rad1 Qg5 18. d4 Nh5 19. Bc1 Nf4 20. Qe4 Rf6 21. d5
Qxg2+ 22. Qxg2 Nxg2 23. Kxg2 Nf8 24. Bxc8 Kxc8 25. Bb2 Rg6+ 26. Kh1 Bd8 27. Re8
Nd7 28. Rf1 Kc7 29. Rf7 1-0

[Event "Varennes op"]
[Site "Varennes CAN"]
[Date "2018.10.07"]
[Round "4.3"]
[White "Langlois-Remillard, Alexis"]
[Black "Sambuev, Bator"]
[Result "0-1"]
[WhiteElo "1923"]
[BlackElo "2497"]
[PlyCount "44"]
[EventDate "2018.10.05"]
[EventType "swiss"]
[EventRounds "5"]
[EventCountry "CAN"]

1. b3 Nf6 2. Bb2 g6 3. Bxf6 exf6 4. c4 Bg7 5. Nc3 O-O 6. g3 d6 7. Bg2 Nc6 8. e3
h5 9. Nge2 Bg4 10. d4 h4 11. O-O hxg3 12. hxg3 Rb8 13. Rc1 Ne7 14. b4 Bh6 15.
Qb3 Kg7 16. Nf4 Rh8 17. c5 Bxf4 18. gxf4 Qd7 19. e4 Bf3 20. Nd5 Rh1+ 21. Bxh1
Qg4+ 22. Kh2 Rh8# 0-1

[Event "Varennes op"]
[Site "Varennes CAN"]
[Date "2018.10.07"]
[Round "4.6"]
[White "Masse, Hugues"]
[Black "Leon Valdes, Jony Wilson"]
[Result "0-1"]
[WhiteElo "2288"]
[BlackElo "2304"]
[PlyCount "79"]
[EventDate "2018.10.05"]
[EventType "swiss"]
[EventRounds "5"]
[EventCountry "CAN"]

1. e4 e6 2. d4 d5 3. Nc3 Nf6 4. e5 Nfd7 5. f4 c5 6. Nf3 Nc6 7. Be3 h6 8. Qd2 g5
9. fxg5 cxd4 10. Nxd4 Ndxe5 11. Be2 hxg5 12. Bxg5 f6 13. Be3 Bd7 14. O-O-O a6
15. Qe1 Bh6 16. Bh5+ Ke7 17. Bxh6 Rxh6 18. g4 Qg8 19. h4 Rc8 20. Qe3 Qh7 21.
Rhf1 Kd8 22. Nb3 Nc4 23. Qg3 N6e5 24. Rf2 b5 25. Rdf1 b4 26. Nd1 Qg7 27. Qh3
Nd6 28. Qe3 Bb5 29. Rxf6 Nd3+ 30. Kb1 Rxf6 31. Rxf6 Qxf6 32. cxd3 Qf1 33. Qg5+
Kd7 34. Qg7+ Kc6 35. g5 Qxd3+ 36. Ka1 Rc7 37. Qf8 Ba4 38. Be8+ Nxe8 39. Qxe8+
Kb7 40. Nc5+ 0-1

[Event "Varennes op"]
[Site "Varennes CAN"]
[Date "2018.10.07"]
[Round "4.8"]
[White "Lopez Linares, Lizandro"]
[Black "Tremblay, Rejean"]
[Result "1-0"]
[WhiteElo "2224"]
[BlackElo "2220"]
[PlyCount "71"]
[EventDate "2018.10.05"]
[EventType "swiss"]
[EventRounds "5"]
[EventCountry "CAN"]

1. d4 Nf6 2. Nf3 e6 3. Bg5 d5 4. e3 c5 5. c3 Nc6 6. Bd3 Bd6 7. Nbd2 O-O 8. O-O
h6 9. Bh4 b6 10. Qe2 Be7 11. Rad1 Bb7 12. dxc5 bxc5 13. a3 a5 14. e4 Re8 15.
Rfe1 Nh5 16. Bg3 Nxg3 17. hxg3 Qb6 18. c4 Nd4 19. Nxd4 cxd4 20. exd5 exd5 21.
Qh5 Bf8 22. Rxe8 Rxe8 23. cxd5 Qxb2 24. Nc4 Qc3 25. Ne5 Bxd5 26. Qf5 g6 27.
Nxg6 Re1+ 28. Rxe1 Qxe1+ 29. Kh2 Be6 30. Ne7+ Kg7 31. Qh7+ Kf6 32. Ng8+ Ke5 33.
Qh8+ Kd6 34. Qxd4+ Kc7 35. Qa7+ Kd6 36. Qb8+ 1-0

[Event "Varennes op"]
[Site "Varennes CAN"]
[Date "2018.10.07"]
[Round "4.9"]
[White "Zhong, Kevin"]
[Black "Perez Rodriguez, Luis Manuel"]
[Result "1-0"]
[WhiteElo "2156"]
[BlackElo "2376"]
[PlyCount "60"]
[EventDate "2018.10.05"]
[EventType "swiss"]
[EventRounds "5"]
[EventCountry "CAN"]

1. e4 e5 2. Nf3 Nc6 3. Bc4 Nf6 4. d3 Be7 5. O-O O-O 6. Re1 d6 7. a4 Kh8 8. h3
Ng8 9. Nc3 f5 10. Nd5 fxe4 11. dxe4 Bf6 12. a5 a6 13. c3 Nce7 14. Nxf6 Rxf6 15.
Bg5 Rf8 16. Nxe5 Qe8 17. Nd3 Qg6 18. f4 h6 19. Bxe7 Nxe7 20. f5 Qf6 21. Nf4 Bd7
22. Be6 Bc6 23. Qg4 Rae8 24. h4 Qe5 25. Nd3 Qf6 26. h5 Rd8 27. Re3 Bd7 28. Nf4
Kh7 29. Rf1 Be8 30. Bb3 Nc6 1-0